000
00323nam a2200133Ia 4500
008
240624s9999 xx 000 0 und d
041
_a
eng
082
_a
302.35 KAI
100
_a
KAILA H L
245
_a
ORGANIZATIONAL BEHAVIOUR AND HRM
260
_c
2003
_a
Delhi
_b
A.I.T.B.S.
300
_a
192 : p. : cm. ; 25
365
_c
RS
999
_c
1484
_d
1484